[Event "49th Ilmar Raud Memorial"]
[Site "Viljandi"]
[Date "2015.07.03"]
[Round "7.19"]
[White "Garanin, Aleksei"]
[Black "Pedoson, Georg Aleksander"]
[Result "1-0"]
[WhiteElo "1902"]
[BlackElo "1685"]
[PlyCount "105"]
[EventDate "2015.??.??"]
[EventCountry "EST"]

1. e4 d6 2. d4 Nf6 3. Nc3 g6 4. f4 Bg7 5. Nf3 O-O 6. e5 dxe5 7. dxe5 Qxd1+ 8.
Kxd1 Rd8+ 9. Ke1 Nh5 10. Bc4 Bf5 11. Be3 Nc6 12. Bb3 Bh6 13. Ne2 Bg4 14. Kf2 e6
15. h3 Bxf3 16. Kxf3 Bf8 17. g4 Ng7 18. Rad1 Be7 19. c3 Na5 20. Bc2 Nc4 21. Bc1
c5 22. b3 Nb6 23. c4 Nd7 24. Be4 Rab8 25. Rd2 Kf8 26. Rhd1 Ke8 27. Nc3 a6 28.
Bb2 h6 29. Ne2 Nb6 30. Rxd8+ Bxd8 31. Ng3 Bh4 32. Ne2 Nd7 33. Ke3 Bd8 34. a3
Bc7 35. Ng1 Ke7 36. Nf3 Nf8 37. b4 b5 38. cxb5 Rxb5 39. Bc3 a5 40. Bd3 Rb8 41.
bxc5 Rb3 42. Be1 Nd7 43. Nd4 Rb2 44. Bh4+ Kf8 45. Nb5 Rh2 46. Bf1 Nxe5 47. fxe5
Bxe5 48. Rd8+ Ne8 49. Nd6 Rc2 50. Rxe8+ Kg7 51. Nc4 Bh2 52. Bd3 Bg1+ 53. Ke4
1-0

[Event "49th Ilmar Raud Memorial"]
[Site "Viljandi"]
[Date "2015.07.03"]
[Round "7.20"]
[White "Lauk, Ular"]
[Black "Poom, Mati"]
[Result "1-0"]
[WhiteElo "2383"]
[BlackElo "1803"]
[PlyCount "99"]
[EventDate "2015.??.??"]
[EventCountry "EST"]

1. e4 e5 2. Nf3 Nc6 3. Bb5 a6 4. Ba4 Nf6 5. O-O Be7 6. Re1 b5 7. Bb3 O-O 8. d4
d6 9. c3 Bg4 10. d5 Na5 11. Bc2 Nc4 12. a4 c5 13. b3 Nb6 14. a5 Nbd7 15. h3 Bh5
16. Nbd2 h6 17. Nf1 Nh7 18. Ng3 Bg6 19. Nh2 Bg5 20. Ng4 Bxc1 21. Qxc1 Qg5 22.
Qxg5 Nxg5 23. h4 h5 24. Nxe5 Nh3+ 25. Kh2 Nxe5 26. Kxh3 f6 27. f3 Rad8 28. Ne2
Bf7 29. Kg3 g6 30. Nf4 Kg7 31. Nd3 Nd7 32. c4 b4 33. f4 Rfe8 34. Re3 Re7 35.
Rae1 Rde8 36. Kf2 Kh6 37. g3 g5 38. hxg5+ fxg5 39. e5 gxf4 40. gxf4 dxe5 41.
Nxe5 Nxe5 42. Rxe5 Rxe5 43. fxe5 Kg5 44. e6 Bg8 45. Rg1+ Kf4 46. Rg7 Bxe6 47.
dxe6 Rxe6 48. Rf7+ Ke5 49. Ke3 Kd6+ 50. Be4 1-0

[Event "49th Ilmar Raud Memorial"]
[Site "Viljandi"]
[Date "2015.07.04"]
[Round "8.3"]
[White "Ehlvest, Jaan"]
[Black "Sepp, Olav"]
[Result "1/2-1/2"]
[WhiteElo "2545"]
[BlackElo "2426"]
[PlyCount "100"]
[EventDate "2015.??.??"]
[EventCountry "EST"]

1. d4 Nf6 2. c4 g6 3. Nc3 Bg7 4. e4 d6 5. Be2 O-O 6. Nf3 e5 7. O-O Na6 8. Re1
c6 9. Bf1 exd4 10. Nxd4 Ng4 11. h3 Qb6 12. hxg4 Qxd4 13. g5 Qe5 14. Qf3 Qe7 15.
Bf4 Be5 16. Rad1 Nc5 17. Qg3 f6 18. gxf6 Qxf6 19. Bxe5 dxe5 20. b4 Ne6 21. Rd6
Qf7 22. c5 Nf4 23. Red1 Be6 24. R1d2 Rae8 25. b5 cxb5 26. Bxb5 Rc8 27. Qe3 a6
28. Bf1 Qe7 29. Nd5 Qg5 30. Rxe6 Nxe6 31. Qxg5 Nxg5 32. Ne7+ Kg7 33. Nxc8 Rxc8
34. Rd7+ Kh6 35. Rxb7 Nxe4 36. Bxa6 Rxc5 37. Rb2 Rc1+ 38. Kh2 Nc5 39. Bb5 e4
40. a4 Ra1 41. Rb4 Kg5 42. Rd4 Kf4 43. Bc6 Rc1 44. Rb4 Ke5 45. Rb8 Rc2 46. Kg3
Rc3+ 47. f3 exf3 48. gxf3 Ne6 49. Rb5+ Kd6 50. Be4 Nc5 1/2-1/2

[Event "49th Ilmar Raud Memorial"]
[Site "Viljandi"]
[Date "2015.07.04"]
[Round "8.4"]
[White "Miezis, Normunds"]
[Black "Seeman, Tarvo"]
[Result "1-0"]
[WhiteElo "2508"]
[BlackElo "2414"]
[PlyCount "129"]
[EventDate "2015.??.??"]
[EventCountry "EST"]

1. c4 g6 2. Nc3 Bg7 3. g3 Nf6 4. Bg2 O-O 5. e4 c5 6. Nge2 Nc6 7. d3 d6 8. O-O
Bg4 9. f3 Be6 10. Be3 Ne8 11. Qd2 Nc7 12. Bh6 Rb8 13. Bxg7 Kxg7 14. b3 b5 15.
d4 b4 16. d5 bxc3 17. Qxc3+ f6 18. dxc6 Rb6 19. f4 Rxc6 20. e5 Ra6 21. exf6+
exf6 22. Rfd1 Bg4 23. Bf3 Qd7 24. Rd2 Re8 25. Rad1 Bxf3 26. Qxf3 h5 27. Nc3 Re7
28. Re2 Rxe2 29. Qxe2 Ne6 30. Re1 Kf7 31. Qe4 d5 32. cxd5 Nd4 33. Kg2 h4 34.
gxh4 Qg4+ 35. Kh1 Qf3+ 36. Qxf3 Nxf3 37. Rd1 Nd4 38. Kg2 Rd6 39. Kf2 Rd8 40.
Rd3 a5 41. Rh3 a4 42. bxa4 Rb8 43. h5 gxh5 44. Nb5 Ra8 45. Nc3 Rb8 46. Ke3 Nf5+
47. Kd3 Rb4 48. a5 Nd6 49. a6 Rb6 50. a7 Ra6 51. Rxh5 Kg6 52. Rh8 Rxa7 53. Rd8
Ra6 54. h4 f5 55. a4 Kh5 56. Rg8 Kxh4 57. Rg6 Kh5 58. Re6 Kg4 59. Nb5 Rxa4 60.
Rxd6 Rb4 61. Rb6 Kxf4 62. d6 Rb1 63. Kc2 Rg1 64. d7 Rg8 65. Nc7 1-0

[Event "49th Ilmar Raud Memorial"]
[Site "Viljandi"]
[Date "2015.07.04"]
[Round "8.5"]
[White "Meskovs, Nikita"]
[Black "Ladva, Ottomar"]
[Result "1/2-1/2"]
[WhiteElo "2451"]
[BlackElo "2434"]
[PlyCount "111"]
[EventDate "2015.??.??"]
[EventCountry "EST"]

1. d4 Nf6 2. c4 e6 3. Nc3 Bb4 4. Nf3 d5 5. cxd5 exd5 6. Bg5 Nbd7 7. e3 c5 8.
dxc5 Qa5 9. Rc1 Qxa2 10. Bxf6 gxf6 11. Qd2 Qa5 12. Bb5 O-O 13. Bxd7 Bxd7 14.
Qxd5 Rad8 15. Qd4 Qxc5 16. Qxf6 Bb5 17. h4 Rfe8 18. Qg5+ Qxg5 19. hxg5 Re4 20.
Rh4 Rxh4 21. Nxh4 Bc6 22. f4 h6 23. gxh6 Rd6 24. Ke2 Rxh6 25. Nf3 a5 26. Kf2
Rg6 27. Ne2 Be4 28. Rc8+ Kg7 29. Ng5 Rc6 30. Rb8 Bd3 31. Ng3 Rc2+ 32. Kf3 Be1
33. Rd8 Bg6 34. f5 Rf2+ 35. Ke4 Bh7 36. Nh5+ Kh6 37. Nxh7 Kxh5 38. Rd7 Rxb2 39.
Rxf7 a4 40. Nf6+ Kg5 41. Nd5 a3 42. Rg7+ Kh4 43. Rg8 a2 44. Ra8 b6 45. Ra3 b5
46. f6 Rxg2 47. f7 Rf2 48. Rxa2 Rxf7 49. Kd3 Kg3 50. Rb2 Bf2 51. e4 Rf3+ 52.
Ke2 Bd4 53. Rxb5 Ra3 54. Rb4 Be5 55. Rb7 Ra2+ 56. Ke3 1/2-1/2

[Event "49th Ilmar Raud Memorial"]
[Site "Viljandi"]
[Date "2015.07.04"]
[Round "8.6"]
[White "Shishkov, Andrei"]
[Black "Kulaots, Kaido"]
[Result "0-1"]
[WhiteElo "2387"]
[BlackElo "2574"]
[PlyCount "62"]
[EventDate "2015.??.??"]
[EventCountry "EST"]

1. d4 g6 2. e4 Bg7 3. Nf3 c5 4. d5 Nf6 5. Nc3 d6 6. Bb5+ Bd7 7. a4 O-O 8. O-O
Na6 9. Bxa6 bxa6 10. h3 e5 11. dxe6 Bxe6 12. Bf4 Qb6 13. Rb1 Rad8 14. Re1 d5
15. e5 Ne4 16. Qe2 Nxc3 17. bxc3 Qa5 18. Bd2 Qxa4 19. Bg5 Rd7 20. Ra1 Qb5 21.
Rxa6 Qxe2 22. Rxe2 Rb8 23. Bc1 d4 24. Re1 dxc3 25. Ra3 Rb1 26. Rxc3 c4 27. Ra3
Bf8 28. Ra4 c3 29. Kf1 Bb4 30. Ke2 Bc4+ 31. Ke3 Bb5 0-1

[Event "49th Ilmar Raud Memorial"]
[Site "Viljandi"]
[Date "2015.07.04"]
[Round "8.7"]
[White "Krupenski, Juri"]
[Black "Smirnov, Artem"]
[Result "0-1"]
[WhiteElo "2339"]
[BlackElo "2448"]
[PlyCount "61"]
[EventDate "2015.??.??"]
[EventCountry "EST"]

1. c4 e5 2. g3 Nc6 3. Bg2 Bc5 4. Nc3 a6 5. e3 d6 6. Nge2 h5 7. d4 Ba7 8. b4 h4
9. a3 h3 10. Bxc6+ bxc6 11. O-O Ne7 12. dxe5 Ng6 13. f4 Bg4 14. Kh1 O-O 15. Qc2
f5 16. Nd4 Bxd4 17. exd4 dxe5 18. dxe5 Qd4 19. Qd2 Rfd8 20. Qxd4 Rxd4 21. Na4
a5 22. Be3 Rxc4 23. Nc5 axb4 24. axb4 Rxa1 25. Rxa1 Rc2 26. Ne6 Bf3+ 27. Kg1
Bd5 28. Ng5 c5 29. Bf2 cxb4 30. Rd1 Ne7 31. Bc5 0-1

[Event "49th Ilmar Raud Memorial"]
[Site "Viljandi"]
[Date "2015.07.04"]
[Round "8.8"]
[White "Berzinsh, Roland"]
[Black "Sirosh, Ilja"]
[Result "0-1"]
[WhiteElo "2402"]
[BlackElo "2314"]
[PlyCount "116"]
[EventDate "2015.??.??"]
[EventCountry "EST"]

1. e4 e5 2. Nf3 Nc6 3. Bb5 a6 4. Ba4 Nf6 5. O-O b5 6. Bb3 Bc5 7. a4 Rb8 8. axb5
axb5 9. Nxe5 Nxe5 10. d4 Bxd4 11. Qxd4 d6 12. f4 Nc6 13. Qc3 Ne7 14. e5 Ne4 15.
Qe1 Nc5 16. Ba2 O-O 17. Nc3 b4 18. Ne4 Nxe4 19. Qxe4 Bf5 20. Qe2 dxe5 21. fxe5
Qd4+ 22. Kh1 Be6 23. Bb3 Ng6 24. Ra5 Bxb3 25. cxb3 Rfe8 26. Rb5 Nxe5 27. Rd1
Qxd1+ 28. Qxd1 Rxb5 29. h3 Rbb8 30. Qc2 h6 31. Bf4 c5 32. Qxc5 Nd3 33. Qf5 Nxf4
34. Qxf4 Rbc8 35. Qxb4 Rb8 36. Qc3 Rb7 37. Kh2 Reb8 38. Qe5 Rxb3 39. Qd5 Rxb2
40. Qe5 R2b5 41. Qc7 h5 42. Qf4 g6 43. Qd6 Re8 44. Qc6 Rbb8 45. Qd6 Rb2 46. h4
Ree2 47. Kh3 Rf2 48. Qd5 Rf5 49. Qd8+ Kh7 50. Qd1 Rb4 51. Qd3 Rff4 52. g3 Rf2
53. Qd1 Rbb2 54. Qh1 Kg7 55. Qg1 Kf6 56. Qh1 Rh2+ 57. Qxh2 Rxh2+ 58. Kxh2 Kf5
0-1

[Event "49th Ilmar Raud Memorial"]
[Site "Viljandi"]
[Date "2015.07.04"]
[Round "8.9"]
[White "Shvyrjov, Igor"]
[Black "Tominga, Eke"]
[Result "1-0"]
[WhiteElo "2433"]
[BlackElo "2036"]
[PlyCount "145"]
[EventDate "2015.??.??"]
[EventCountry "EST"]

1. Nf3 Nf6 2. d3 d5 3. Bg5 g6 4. Bxf6 exf6 5. g3 Bg7 6. Bg2 c6 7. O-O O-O 8.
Nbd2 f5 9. d4 Be6 10. e3 Qd6 11. Qe2 Nd7 12. c4 dxc4 13. Nxc4 Qe7 14. Rac1 Bd5
15. Rfd1 Rfe8 16. a3 a5 17. Qd2 a4 18. Ne1 Bxg2 19. Nxg2 Nf6 20. Nf4 g5 21. Nd3
Ne4 22. Qc2 g4 23. Nf4 Ra6 24. Nd2 Ra5 25. Nd3 Ng5 26. Kf1 Qe6 27. Nc5 Qd5 28.
Qc4 Qh1+ 29. Ke2 Qxh2 30. Nxb7 Raa8 31. Nd6 Re6 32. Qxc6 Rd8 33. Rh1 Nf3 34.
Qb7 Nxd4+ 35. Kf1 Nf3 36. Qxf7+ Kh8 37. Rxh2 Nxh2+ 38. Ke2 Rexd6 39. Nc4 Rd5
40. Rh1 Nf3 41. Qg6 Rd2+ 42. Nxd2 Rxd2+ 43. Kf1 Rd1+ 44. Kg2 Rg1+ 45. Rxg1 hxg6
46. Rb1 Nd2 47. Rc1 Ne4 48. Rc4 Bxb2 49. Rxa4 Bc3 50. Kf1 Kg7 51. Ra8 Kf6 52.
a4 Nd2+ 53. Ke2 Nb3 54. Rc8 Ba5 55. Rb8 Nc1+ 56. Kd1 Nd3 57. Rb5 Bc7 58. Ke2
Ne5 59. a5 Bxa5 60. Rxa5 Nc4 61. Ra4 Nd6 62. Kd3 Ke5 63. Rb4 Kd5 64. Rb6 Ke5
65. Ra6 Kd5 66. Ra5+ Ke6 67. Kd4 Kf7 68. Re5 Kf6 69. Kd5 Nb5 70. Re6+ Kg5 71.
Rc6 Na3 72. Rc1 Nb5 73. Kc6 1-0

[Event "49th Ilmar Raud Memorial"]
[Site "Viljandi"]
[Date "2015.07.04"]
[Round "8.10"]
[White "Kanep, Siim"]
[Black "Soskov, Vjacheslav"]
[Result "1/2-1/2"]
[WhiteElo "2161"]
[BlackElo "2289"]
[PlyCount "92"]
[EventDate "2015.??.??"]
[EventCountry "EST"]

1. d4 Nf6 2. Nf3 e6 3. c4 b6 4. Nc3 Bb4 5. Bg5 h6 6. Bh4 g5 7. Bg3 Ne4 8. Qc2
f5 9. e3 Bb7 10. d5 Bxc3+ 11. bxc3 Na6 12. Be5 O-O 13. Nd4 Nac5 14. f3 d6 15.
Bg3 Nxg3 16. hxg3 Qf6 17. dxe6 Rae8 18. Bd3 Nxd3+ 19. Qxd3 c5 20. Nb5 Rxe6 21.
O-O-O Rd8 22. Nc7 Re7 23. Nd5 Bxd5 24. Qxd5+ Kg7 25. Rd3 Qe5 26. Qxe5+ Rxe5 27.
Kd2 Re6 28. a4 Kf7 29. Ra1 Rb8 30. Rd5 Rf6 31. a5 bxa5 32. Kc2 Rb6 33. Rxa5 a6
34. Rd1 Re6 35. Kd3 Re8 36. Rda1 Ra8 37. e4 Ke6 38. Rh1 Rh8 39. Rha1 Ra8 40.
Rh1 Rh8 41. Rha1 fxe4+ 42. Kxe4 Ra8 43. Rh1 Rh8 44. Rha1 Ra8 45. Rh1 Rh8 46.
Rha1 Ra8 1/2-1/2

[Event "49th Ilmar Raud Memorial"]
[Site "Viljandi"]
[Date "2015.07.04"]
[Round "8.11"]
[White "Jezov, Roman"]
[Black "Soot, Margus"]
[Result "1-0"]
[WhiteElo "2258"]
[BlackElo "2101"]
[PlyCount "85"]
[EventDate "2015.??.??"]
[EventCountry "EST"]

1. Nf3 c6 2. e3 d5 3. b3 Nf6 4. Bb2 h6 5. Be2 Bf5 6. O-O Nbd7 7. c4 e6 8. Nc3
Be7 9. d3 O-O 10. Re1 e5 11. a3 e4 12. dxe4 dxe4 13. Nd2 Re8 14. b4 Qc7 15. c5
Ne5 16. Qb1 Neg4 17. Nf1 Bg6 18. h3 Ne5 19. Nd2 Nf3+ 20. Nxf3 exf3 21. Bd3 Bxd3
22. Qxd3 fxg2 23. Qf5 Rad8 24. Ne2 Qd7 25. Nd4 g6 26. Qf3 Qd5 27. e4 Qh5 28.
Qxg2 Qg5 29. Qxg5 hxg5 30. Nb3 Rd3 31. Na5 Rxh3 32. Nxb7 Rh4 33. Nd6 Bxd6 34.
cxd6 Nxe4 35. d7 Rd8 36. f3 Rxd7 37. Rxe4 Rxe4 38. fxe4 f5 39. e5 Rd2 40. Bc3
Rc2 41. Bd4 Kf7 42. Bxa7 Ke6 43. a4 1-0

[Event "49th Ilmar Raud Memorial"]
[Site "Viljandi"]
[Date "2015.07.04"]
[Round "8.12"]
[White "Narva, Mai"]
[Black "Garanin, Aleksei"]
[Result "1-0"]
[WhiteElo "2252"]
[BlackElo "1902"]
[PlyCount "69"]
[EventDate "2015.??.??"]
[EventCountry "EST"]

1. e4 e5 2. Nf3 Nc6 3. Bb5 a6 4. Ba4 f5 5. d3 fxe4 6. dxe4 Nf6 7. O-O d6 8. Nc3
b5 9. Bb3 Na5 10. Bg5 Be7 11. Nd5 Nxb3 12. axb3 Bb7 13. Bxf6 Bxf6 14. c4 O-O
15. Qd3 c6 16. Ne3 Rf7 17. Rfd1 Rd7 18. c5 d5 19. exd5 cxd5 20. Qf5 Qe7 21. Ng4
Rc7 22. b4 Bc8 23. Qh5 Bxg4 24. Qxg4 e4 25. Nd4 Bxd4 26. Rxd4 Qe5 27. Rad1 Rf8
28. Qe2 Rcf7 29. Rxd5 Qe7 30. Rd7 Qxd7 31. Rxd7 Rxd7 32. h3 Rd4 33. b3 Rfd8 34.
Qa2 Rxb4 35. Qxa6 1-0

[Event "49th Ilmar Raud Memorial"]
[Site "Viljandi"]
[Date "2015.07.04"]
[Round "8.13"]
[White "Petrov, Dmitri"]
[Black "Dubrovin, Robert"]
[Result "1/2-1/2"]
[WhiteElo "2083"]
[BlackElo "2230"]
[PlyCount "87"]
[EventDate "2015.??.??"]
[EventCountry "EST"]

1. e4 g6 2. d4 Bg7 3. Nc3 c6 4. Nf3 d5 5. Be3 dxe4 6. Nxe4 Nh6 7. Qd2 Nf5 8.
O-O-O Nxe3 9. Qxe3 O-O 10. h4 Nd7 11. h5 Nf6 12. Nxf6+ exf6 13. hxg6 hxg6 14.
Bc4 Re8 15. Qb3 Qc7 16. Rhe1 Bg4 17. Qd3 Bh6+ 18. Kb1 Bf5 19. Qc3 Bg4 20. Rh1
Bg7 21. Rde1 Qd7 22. Nh4 Be6 23. Bxe6 Rxe6 24. Rxe6 Qxe6 25. Nf3 Qg4 26. g3 Re8
27. Qd3 f5 28. a3 Bf6 29. Ne5 Bxe5 30. Rh4 Qg5 31. dxe5 Qe7 32. f4 Rd8 33. Qf1
Qf8 34. Rh2 Rd5 35. g4 fxg4 36. f5 Qd8 37. Rh1 Qg5 38. fxg6 Qxg6 39. Qf4 g3 40.
Qh4 Kf8 41. Qb4+ Kg7 42. Qh4 Kf8 43. Qb4+ Kg7 44. Qh4 1/2-1/2

[Event "49th Ilmar Raud Memorial"]
[Site "Viljandi"]
[Date "2015.07.04"]
[Round "8.14"]
[White "Vorobjov, Pavel"]
[Black "Sirp, Karl Aleksander"]
[Result "1-0"]
[WhiteElo "2201"]
[BlackElo "1767"]
[PlyCount "65"]
[EventDate "2015.??.??"]
[EventCountry "EST"]

1. Nf3 d5 2. g3 Nf6 3. Bg2 g6 4. c4 Bg7 5. cxd5 Nxd5 6. d4 O-O 7. O-O c6 8. h3
Nd7 9. e4 N5b6 10. Nc3 e5 11. Bg5 Bf6 12. Bxf6 Qxf6 13. dxe5 Nxe5 14. Nxe5 Qxe5
15. f4 Qc5+ 16. Kh2 Nc4 17. Rf3 Be6 18. Qc1 Qh5 19. f5 Ne5 20. Qf4 Nxf3+ 21.
Bxf3 g5 22. Qe3 Qh6 23. fxe6 fxe6 24. e5 Rad8 25. Ne4 Rf5 26. Nf6+ Rxf6 27.
exf6 Qxf6 28. Re1 Rf8 29. Bg2 Qxb2 30. Qxe6+ Kg7 31. Qg4 h6 32. Re2 Qf6 33. Re6
1-0

[Event "49th Ilmar Raud Memorial"]
[Site "Viljandi"]
[Date "2015.07.04"]
[Round "8.15"]
[White "Chukavin, Kirill"]
[Black "Lauk, Ular"]
[Result "1/2-1/2"]
[WhiteElo "2096"]
[BlackElo "2383"]
[PlyCount "94"]
[EventDate "2015.??.??"]
[EventCountry "EST"]

1. e4 c5 2. Nf3 Nc6 3. Nc3 d6 4. d4 cxd4 5. Nxd4 Nf6 6. h3 g6 7. g4 Bg7 8. Be3
O-O 9. Bg2 Nxd4 10. Bxd4 Qa5 11. Qd2 Be6 12. O-O Rfc8 13. Rad1 Rc4 14. Rfe1
Rxd4 15. Qxd4 Nxg4 16. Qd3 Ne5 17. Qb5 Qc7 18. Nd5 Bxd5 19. Qxd5 Rc8 20. Re2
Qb6 21. c3 Qa6 22. Rc2 Rc5 23. Qd2 b5 24. f4 Nc4 25. Qf2 Rc8 26. Bf1 Qxa2 27.
Bxc4 Qxc4 28. Qe2 Qc5+ 29. Kh1 b4 30. c4 b3 31. Rcc1 Bh6 32. Qf3 Qb4 33. Rc3
Rxc4 34. Rxb3 Qc5 35. Rc3 Rxc3 36. bxc3 a5 37. e5 dxe5 38. Rd5 Qa3 39. fxe5 e6
40. Rd8+ Bf8 41. Rd7 Be7 42. Ra7 Qc1+ 43. Kh2 Qd2+ 44. Qg2 Qf4+ 45. Qg3 Qd2+
46. Qg2 Qf4+ 47. Qg3 Qd2+ 1/2-1/2

[Event "49th Ilmar Raud Memorial"]
[Site "Viljandi"]
[Date "2015.07.04"]
[Round "8.16"]
[White "Vovk, Ilja"]
[Black "Teemae, Leo"]
[Result "1/2-1/2"]
[WhiteElo "2283"]
[BlackElo "1970"]
[PlyCount "101"]
[EventDate "2015.??.??"]
[EventCountry "EST"]

1. f4 e5 2. fxe5 d6 3. Nf3 g5 4. d4 g4 5. Ng5 dxe5 6. dxe5 Qxd1+ 7. Kxd1 Nc6 8.
e6 Bxe6 9. Nxe6 fxe6 10. c3 O-O-O+ 11. Kc2 Bh6 12. Bd2 Bxd2 13. Nxd2 Nf6 14. e4
Ne5 15. Be2 Nfd7 16. Rhf1 Rdf8 17. Nc4 Kd8 18. Kd2 Ke7 19. Nxe5 Nxe5 20. Ke3 c5
21. Rf4 h5 22. a4 Rxf4 23. Kxf4 Kf6 24. Rd1 Rh7 25. Rd8 Ng6+ 26. Ke3 b6 27. Rc8
Ke5 28. g3 h4 29. Bxg4 hxg3 30. hxg3 Ne7 31. Re8 Rg7 32. Bf3 Ng8 33. a5 Nf6 34.
Ra8 Rxg3 35. a6 Nxe4 36. Rxa7 Ng5 37. Rg7 Rxf3+ 38. Ke2 Rf8 39. Rxg5+ Kd6 40.
Rg7 Ra8 41. a7 b5 42. Kd3 Kc6 43. Ke4 Kb6 44. Re7 Rxa7 45. Rxe6+ Ka5 46. Kd5 c4
47. Re8 Ka4 48. Kc5 Rh7 49. Re2 Rh5+ 50. Kd4 Kb3 51. Rg2 1/2-1/2

[Event "49th Ilmar Raud Memorial"]
[Site "Viljandi"]
[Date "2015.07.04"]
[Round "8.18"]
[White "Vahtra, Tuuli"]
[Black "Narva, Regina"]
[Result "1/2-1/2"]
[WhiteElo "2025"]
[BlackElo "2007"]
[PlyCount "21"]
[EventDate "2015.??.??"]
[EventCountry "EST"]

1. c4 c6 2. d4 d5 3. Nc3 e6 4. Nf3 Nf6 5. cxd5 cxd5 6. a3 Be7 7. e3 O-O 8. Be2
b6 9. b4 Bb7 10. O-O Nbd7 11. Bb2 1/2-1/2

[Event "49th Ilmar Raud Memorial"]
[Site "Viljandi"]
[Date "2015.07.04"]
[Round "8.19"]
[White "Haavamae, Henrik"]
[Black "Maasik, Liisa"]
[Result "1-0"]
[WhiteElo "2055"]
[BlackElo "1487"]
[PlyCount "61"]
[EventDate "2015.??.??"]
[EventCountry "EST"]

1. e4 e6 2. d4 b6 3. c4 Bb7 4. Nc3 Bb4 5. Bd3 Nf6 6. Qc2 h6 7. f4 d6 8. Qa4+
Nc6 9. d5 Bxc3+ 10. bxc3 Qd7 11. dxc6 Qxc6 12. Qxc6+ Bxc6 13. Nf3 Bxe4 14. Bxe4
Nxe4 15. Bb2 Kd7 16. Rd1 f5 17. O-O g5 18. Nd2 Nc5 19. Ba3 Nb7 20. Nf3 gxf4 21.
Ne5+ Ke8 22. Ng6 Rg8 23. Nxf4 Kf7 24. h3 Rae8 25. Kh2 Na5 26. c5 bxc5 27. g4
Nc4 28. Bc1 c6 29. Nh5 Kg6 30. Rf4 Rgf8 31. Rxc4 1-0

[Event "49th Ilmar Raud Memorial"]
[Site "Viljandi"]
[Date "2015.07.04"]
[Round "8.21"]
[White "Pedoson, Georg Aleksander"]
[Black "Ivanov, Platon-Jaan"]
[Result "1-0"]
[WhiteElo "1685"]
[BlackElo "1853"]
[PlyCount "63"]
[EventDate "2015.??.??"]
[EventCountry "EST"]

1. e4 c6 2. Nf3 d5 3. Nc3 Bg4 4. exd5 cxd5 5. Bb5+ Nc6 6. h3 Bh5 7. d4 e6 8.
Be3 Rc8 9. O-O Bd6 10. Re1 Nf6 11. a3 O-O 12. Be2 Na5 13. Nd2 Bg6 14. Bd3 a6
15. Ne2 b5 16. b4 Nc6 17. Bxg6 hxg6 18. c3 e5 19. Nb3 Re8 20. Bg5 e4 21. Nc5
Bxc5 22. dxc5 Qd7 23. Bf4 Ne5 24. Bxe5 Rxe5 25. Qd4 Rce8 26. Ng3 Nh5 27. Nxh5
gxh5 28. Rad1 Rg5 29. Rxe4 Rxe4 30. Qxe4 Qxh3 31. Rxd5 Rxd5 32. gxh3 1-0

[Event "49th Ilmar Raud Memorial"]
[Site "Viljandi"]
[Date "2015.07.04"]
[Round "8.22"]
[White "Sinitsina, Anastassia"]
[Black "Ruus, Rein"]
[Result "0-1"]
[WhiteElo "1673"]
[BlackElo "1782"]
[PlyCount "64"]
[EventDate "2015.??.??"]
[EventCountry "EST"]

1. e4 e5 2. Nf3 Nc6 3. Bb5 Nf6 4. O-O Nxe4 5. d4 Nd6 6. Bxc6 dxc6 7. dxe5 Nf5
8. Qxd8+ Kxd8 9. Nc3 Be7 10. h3 Bd7 11. Bf4 h6 12. Rad1 Kc8 13. Ne4 Nh4 14.
Nxh4 Bxh4 15. Rfe1 Be7 16. Ng3 Re8 17. Nh5 Bf8 18. Re2 b6 19. Bd2 Bf5 20. Bc3
Kb7 21. Red2 a5 22. g4 Be4 23. Re1 Bd5 24. a3 b5 25. Rd4 Bc5 26. Rdd1 b4 27.
axb4 axb4 28. Bd4 Bf8 29. Nf4 Rad8 30. Nxd5 Rxd5 31. f4 Red8 32. c3 c5 0-1

[Event "49th Ilmar Raud Memorial"]
[Site "Viljandi"]
[Date "2015.07.05"]
[Round "9.2"]
[White "Blomqvist, Erik"]
[Black "Kulaots, Kaido"]
[Result "0-1"]
[WhiteElo "2487"]
[BlackElo "2574"]
[PlyCount "68"]
[EventDate "2015.??.??"]
[EventCountry "EST"]

1. e4 c5 2. Nf3 d6 3. d4 cxd4 4. Nxd4 Nf6 5. Nc3 a6 6. Bc4 e6 7. Bb3 b5 8. O-O
Be7 9. Qf3 Qb6 10. Be3 Qb7 11. Qg3 b4 12. Na4 Nbd7 13. f3 O-O 14. a3 a5 15.
Rfd1 Kh8 16. axb4 axb4 17. Ne2 Qc7 18. Nf4 Qc6 19. Nd3 d5 20. e5 Ne8 21. Qf2 f6
22. Nac5 Rxa1 23. Rxa1 Nxe5 24. Nxb4 Qb5 25. Ra7 Qxb4 26. Rxe7 Nc6 27. Rxe6
Bxe6 28. Nxe6 Rf7 29. Bxd5 Rd7 30. c4 Ne7 31. Nf8 Rxd5 32. cxd5 Nxd5 33. Bc5
Qc4 34. Ne6 Nec7 0-1

[Event "49th Ilmar Raud Memorial"]
[Site "Viljandi"]
[Date "2015.07.05"]
[Round "9.3"]
[White "Aleksandrov, Aleksej"]
[Black "Smirnov, Artem"]
[Result "1-0"]
[WhiteElo "2613"]
[BlackElo "2446"]
[PlyCount "121"]
[EventDate "2015.??.??"]
[EventCountry "EST"]

1. d4 Nf6 2. c4 e6 3. Nc3 Bb4 4. e3 d5 5. a3 Bxc3+ 6. bxc3 c6 7. a4 O-O 8. a5
c5 9. Nf3 Re8 10. Nd2 Nc6 11. Nb3 cxd4 12. cxd4 e5 13. dxe5 Nxe5 14. cxd5 Bg4
15. Qd4 Qd7 16. Nc5 Qf5 17. f4 Rad8 18. d6 Nc6 19. Qc4 Ne4 20. Nxb7 Nxd6 21.
Nxd6 Rxd6 22. Kf2 Ne5 23. Qb5 Qc2+ 24. Kg1 Nc6 25. h3 Bd7 26. Qc4 Qf5 27. Be2
h5 28. Kh2 Rg6 29. Bd3 Qf6 30. Bxg6 Qxg6 31. Qd5 Bf5 32. Qf3 Nb4 33. Bd2 Nd3
34. Qg3 Qc6 35. Ra3 Re6 36. Rc3 Qe4 37. Qf3 Rd6 38. Rf1 Rg6 39. Rg1 Qe6 40.
Qxh5 Nf2 41. Rc5 Bg4 42. Qe5 Bxh3 43. Qxe6 Bxe6 44. Rf1 Ne4 45. Rc2 Rh6+ 46.
Kg1 Ng3 47. Re1 Bf5 48. Rb2 Kh7 49. Bb4 a6 50. Kf2 Ne4+ 51. Ke2 Bg4+ 52. Kd3 f5
53. Rc2 Re6 54. Rc7 Re8 55. Bc3 Rd8+ 56. Bd4 Ng3 57. Rxg7+ Kh6 58. Rb7 Rd5 59.
Rb6+ Kh5 60. Rxa6 Rb5 61. Kc4 1-0

[Event "49th Ilmar Raud Memorial"]
[Site "Viljandi"]
[Date "2015.07.05"]
[Round "9.4"]
[White "Ladva, Ottomar"]
[Black "Ehlvest, Jaan"]
[Result "1/2-1/2"]
[WhiteElo "2434"]
[BlackElo "2545"]
[PlyCount "38"]
[EventDate "2015.??.??"]
[EventCountry "EST"]

1. d4 d6 2. e4 Nf6 3. Nc3 g6 4. Be3 c6 5. Qd2 Bg7 6. f3 Nbd7 7. O-O-O b5 8. Bh6
Bxh6 9. Qxh6 b4 10. Nce2 Qa5 11. Kb1 Qh5 12. Qe3 Qa5 13. Nc1 Bb7 14. h4 h6 15.
Qe1 e6 16. a3 c5 17. dxc5 dxc5 18. axb4 Qxb4 19. Qe3 Rb8 1/2-1/2

[Event "49th Ilmar Raud Memorial"]
[Site "Viljandi"]
[Date "2015.07.05"]
[Round "9.6"]
[White "Sirosh, Ilja"]
[Black "Meskovs, Nikita"]
[Result "0-1"]
[WhiteElo "2314"]
[BlackElo "2451"]
[PlyCount "116"]
[EventDate "2015.??.??"]
[EventCountry "EST"]

1. d4 Nf6 2. c4 c5 3. d5 b5 4. cxb5 a6 5. bxa6 g6 6. Nc3 Bg7 7. e4 O-O 8. Nf3
Qa5 9. Bd2 Bxa6 10. Bxa6 Qxa6 11. Qe2 d6 12. Rb1 Nfd7 13. Qxa6 Nxa6 14. O-O
Rfb8 15. b3 Nc7 16. a4 Ra7 17. Ne2 Nf6 18. Ng3 Rab7 19. Ba5 Na6 20. Nd2 Nd7 21.
Ne2 Nb4 22. Rfc1 Ne5 23. f4 Ned3 24. Rc4 f5 25. exf5 gxf5 26. Bxb4 Nxb4 27. Nc3
Nc2 28. Nb5 Ne3 29. Rcc1 Nxd5 30. Rc4 Kf7 31. Kf2 Nb4 32. Kf3 Nc6 33. Re1 Nd4+
34. Nxd4 Bxd4 35. Rc2 Rb4 36. g3 h5 37. Kg2 h4 38. Rd1 hxg3 39. hxg3 Be3 40.
Nf3 Rxb3 41. Nh4 Ke6 42. Re1 Kf6 43. a5 Rb2 44. Ree2 Rxc2 45. Rxc2 Ra8 46. Ra2
Ra6 47. Nf3 c4 48. Ra4 d5 49. Ne5 Ke6 50. Ra2 Bd4 51. Re2 Bxe5 52. Rxe5+ Kd6
53. Rxf5 c3 54. Re5 Rxa5 55. Kf3 Ra1 56. Re2 d4 57. Ke4 Rd1 58. Rc2 Kc5 0-1

[Event "49th Ilmar Raud Memorial"]
[Site "Viljandi"]
[Date "2015.07.05"]
[Round "9.8"]
[White "Seeman, Tarvo"]
[Black "Jezov, Roman"]
[Result "1/2-1/2"]
[WhiteElo "2414"]
[BlackElo "2258"]
[PlyCount "20"]
[EventDate "2015.??.??"]
[EventCountry "EST"]

1. Nf3 c5 2. g3 g6 3. Bg2 Bg7 4. c4 Nc6 5. O-O e5 6. Nc3 Nge7 7. d3 O-O 8. Rb1
Rb8 9. Ne1 a6 10. a4 d6 1/2-1/2